Review of regulatory and compliance requirements for RSLs (Record no. 105909)

MARC details
000 -LEADER
fixed length control field 01143cam a2200229 4500
001 - CONTROL NUMBER
control field ##L135080
008 - FIXED-LENGTH DATA ELEMENTS--GENERAL INFORMATION
fixed length control field 060925n2006 000 0 eng u
035 ## - SYSTEM CONTROL NUMBER
System control number (Sirsi) u135080
041 0# - LANGUAGE CODE
Language code of text/sound track or separate title eng
050 04 - LIBRARY OF CONGRESS CALL NUMBER
Classification number 306.1 $2 18
100 1# - MAIN ENTRY--PERSONAL NAME
Personal name Elton, Leslie Norman
Titles and words associated with a name Sir
Dates associated with a name 1947-
245 00 - TITLE STATEMENT
Title Review of regulatory and compliance requirements for RSLs
Remainder of title a report to the Housing Corporation by a review group chaired by Sir Les Elton
260 ## - PUBLICATION, DISTRIBUTION, ETC.
Place of publication, distribution, etc. London
Name of publisher, distributor, etc. Housing Corporation
Date of publication, distribution, etc. 2006
520 ## - SUMMARY, ETC.
Summary, etc. Looks at the current regulatory framework affecting housing associations, and examines ways in which this could be improved to reduce the burden on them. Recommendations include simplification of data returns and increased discretion on the level of regulatory engagement.
590 ## - LOCAL NOTE (RLIN)
Local note IKA031006
650 24 - SUBJECT ADDED ENTRY--TOPICAL TERM
Topical term or geographic name entry element ELTON REVIEW OF REGULATORY AND COMPLIANCE REQUIREMENTS FOR REGISTERED SOCIAL LANDLORDS
651 #4 - SUBJECT ADDED ENTRY--GEOGRAPHIC NAME
Geographic name England
Chronological subdivision 886-
690 ## - LOCAL SUBJECT ADDED ENTRY--TOPICAL TERM (OCLC, RLIN)
Topical term or geographic name as entry element Residential property
9 (RLIN) 6266
710 2# - ADDED ENTRY--CORPORATE NAME
Corporate name or jurisdiction name as entry element Housing Corporation
856 40 - ELECTRONIC LOCATION AND ACCESS
Uniform Resource Identifier <a href="https://www.housingcorp.gov.uk/server/show/ConWebDoc.7475">https://www.housingcorp.gov.uk/server/show/ConWebDoc.7475</a>
Public note View the item free of charge at www.housingcorp.gov.uk...
942 ## - ADDED ENTRY ELEMENTS (KOHA)
Suppress in OPAC 0
Holdings
Withdrawn status Lost status Source of classification or shelving scheme Damaged status Not for loan Home library Current library Shelving location Date acquired Total Checkouts Full call number Barcode Date last seen Copy number Price effective from Koha item type
    Dewey Decimal Classification     Virtual Virtual Online 25/09/2006   L135080 135080-2001 06/08/2019 1 06/08/2019 Book